000 00478nam a2200181Ia 4500
001 13418
005 20260306164759.0
008 260306t2011||||xx |||||||||||||| ||spa||
041 _aESP
082 _a004.04
_bB15
100 _aBaeza-Yates, Ricardo,
_eAUT
245 0 _aModern information retrieval :
_bthe concepts and technology behind search
260 _c2011
300 _axxx, 913 páginas :
_c24 cm.
650 _aGEN
654 _aCCC
942 _cLIB
_dJUS
_fJUS
_2ddc
_n
999 _c13418
_d13418